(Photocopy) What's the big idea? : (Record no. 49624)
| 000 -LEADER | |
|---|---|
| fixed length control field | 00325nam a2200097 4500 |
| 020 ## - INTERNATIONAL STANDARD BOOK NUMBER | |
| International Standard Book Number | 9780325021577 |
| 245 ## - TITLE STATEMENT | |
| Title | (Photocopy) What's the big idea? : |
| Remainder of title | question-driven units to motivate reading, writing, and thinking / |
| Statement of responsibility, etc | Jim Burke. |
| 260 ## - PUBLICATION, DISTRIBUTION, ETC. (IMPRINT) | |
| Place of publication, distribution, etc | Portsmouth, NH: |
| Name of publisher, distributor, etc | Heinemann; |
| Date of publication, distribution, etc | 2010. |
| 300 ## - PHYSICAL DESCRIPTION | |
| Extent | 200 p. |
| Dimensions | 24 cm. |
| 942 ## - ADDED ENTRY ELEMENTS (KOHA) | |
| Source of classification or shelving scheme | |
| Koha item type | Teacher's Resources |
| Withdrawn status | Lost status | Source of classification or shelving scheme | Damaged status | Not for loan | Collection code | Home library | Current library | Shelving location | Date acquired | Full call number | Barcode | Date last seen | Price effective from | Koha item type |
|---|---|---|---|---|---|---|---|---|---|---|---|---|---|---|
| TEACHERS' RESOURCES | Asian Hope Secondary Library | Asian Hope Secondary Library | SECONDARY | 10/08/2025 | 428 BUR | 208788 | 01/16/2026 | 10/08/2025 | Teacher's Resources |